00674nam a2200241 a 4500001001300000003000900013005001700022008004100039020001000080082001500090100002100105245002600126260003000152300000900182500003500191505001000226650002900236700002100265902000800286942000700294952011600301999001500417nice12345678IN_TiNIC20260116012414.0050524s1961 lona grp 000 0 eng  ac10000a232.1bGRA aGraham, Jonathan aHe Came Unto His Own. aLondonbFaith Pressc1961 a107p aincludes index and biblioraphy2 aIndex aJesus Christ-Messiahship1 aGraham, Jonathan bSRS cBK 001040708StackRoom-aHMIbHMId2007-06-18g100.00l0o232.1 GRAp011114r2007-06-18v100.00w2005-05-24yBK c6893d6893